书目信息 |
| 题名: |
艺术与科学
|
|
| 作者: | 李砚祖 主编 | |
| 分册: | 卷五 | |
| 出版信息: | 北京 清华大学出版社 2007 |
|
| 页数: | 186页 | |
| 开本: | 29cm | |
| 丛书名: | ||
| 单 册: | ||
| 中图分类: | J0-05 | |
| 科图分类: | ||
| 主题词: | 艺术--研究--科学--关系 , 艺术 , 研究 , 科学 | |
| 电子资源: | ||
| ISBN: | 978-7-302-15203-3 | |
| 000 | 00815nam0 2200265 45 | |
| 001 | 1130763468 | |
| 005 | 20110310102105.28 | |
| 010 | @a978-7-302-15203-3@dCNY46.00 | |
| 100 | @a20110123d2007 am y0chiy0110 ea | |
| 101 | 0 | @achi |
| 102 | @aCN@b110000 | |
| 105 | @aa z 000yy | |
| 106 | @ar | |
| 200 | 1 | @a艺术与科学@AYi Shu Yu Ke Xue@h卷五@HJuan Wu@f李砚祖主编@FLi Yan Zu Zhu Bian |
| 210 | @a北京@c清华大学出版社@d2007 | |
| 215 | @a186页@c彩图@d29cm | |
| 330 | @a本书的主要内容有:考古学与古代艺术研究、唐墓壁画中的山水图式、响堂石窟火焰宝珠纹研究、作为一门艺术的地理学等。 | |
| 606 | 0 | @a艺术@x研究@x科学@x关系 |
| 606 | 0 | @a艺术 |
| 606 | 0 | @a研究 |
| 606 | 0 | @a科学 |
| 690 | @aJ0-05@v4 | |
| 701 | 0 | @a李砚祖@ALi Yan Zu@4主编 |
| 801 | 0 | @aCN@bTANGWEI@c20110310 |
| 905 | @b0532188-90@dJ0-05@e250:5@f3 | |
| 艺术与科学.卷五/李砚祖主编.-北京:清华大学出版社,2007 |
| 186页:彩图;29cm |
| ISBN 978-7-302-15203-3:CNY46.00 |
| 本书的主要内容有:考古学与古代艺术研究、唐墓壁画中的山水图式、响堂石窟火焰宝珠纹研究、作为一门艺术的地理学等。 |
| ● |
| 相关链接 |
|
|
|
|
正题名:艺术与科学
索取号:J0-05/250:5
 
预约/预借
| 序号 | 登录号 | 条形码 | 馆藏地/架位号 | 状态 | 备注 |
| 1 | 0532188 | 205321882 | 第一样本阅览室/ [索取号:J0-05/250:5] | 在馆 | |
| 2 | 0532189 | 205321891 | 密集书库-美术系/ [索取号:J0-05/250:5] | 在馆 | |
| 3 | 0532190 | 205321908 | 第一借阅区/ [索取号:J0-05/250:5] | 在馆 |